| 000 | 00372nam a2200145Ia 4500 | ||
|---|---|---|---|
| 008 | 230312s9999||||xx |||||||||||||| ||und|| | ||
| 020 | _a09521-70557-2 | ||
| 082 |
_a511.313 _bBER-I |
||
| 100 | _aBergmann;Merrie | ||
| 245 | 0 | _aIntroduction to many-valued and fuzzy logic | |
| 260 |
_bMerrie _aUSA _c2008 |
||
| 300 | _a329 | ||
| 650 |
_aEngineering _vAvionics |
||
| 942 | _cBK | ||
| 999 |
_c12489 _d12489 |
||